00965cam a22002411 45000010005000000030008000050050017000130080039000300350018000690350019000870400037001060410008001430820022001511000048001732450136002212500012003572600042003693000040004115000074004515040020005256510044005458560134005894741BD-RjUL20211208233940.0131223s1944 nyu 001 0 eng a(BD-RjUL)4776 a(OCoLC)1550450 aDLCcFdOCoLCdDLCdBD-RjULbeng aeng a342.733bBRG 19441 aBrogan, D. W.q(Denis William),d1900-1974.10aGovernment of the people :ba study in the America political system /cD. W. Brogan...with a foreword by Professor Harold J. Laski. aNew ed. aNew York :bHarper & brothers ,c1944 axi, 15-415 p.billus. (map)c23 cm. a"Published in England under the title The American political system." aIncludes index. 0aUnited StatesxPolitics and government. uhttp://www.worldcat.org/title/government-of-the-people-a-study-in-the-american-political-system/oclc/853167&referer=brief_results